Statistics for Badly Described Jobs

Click here to take the quiz!

General Stats

  • This quiz has been taken 168 times
  • The average score is 11 of 15

Answer Stats

HintAnswer% Correct
These people drive down streets in a white van slipping confidential notes into a box on a poleMailman
97%
A covert operation where men in red spark a flame, then proceed to blare loud sirens so they can further disrupt the community.Fireman
93%
Cruel people all around the world are charged with this task of keeping children in line, while teaching them nonsense about their opposing political party.Teacher
90%
These figures from popular horror franchises have been brought to life to travel around the world scaring children with there face makeup and red noses.Clown
88%
These delusional people believe strange stuff, like dragons, magic, and other whatnot, then write it down so other people will believe it as well.Author
83%
Secretly charged with ensuring that donuts always go out of stock, these blue people drive around in loud cars giving speeding tickets.Policeman
82%
Obnoxiously obsessed with making sure everything is quiet. Owns a ton of books and are normally old ladies.Librarian
76%
These people, constantly arguing with each other, are never ever right, and are the fault of all the worlds problems. At least the ones that you are opposed to.Politician
74%
In search for other material, these genetically modified mutants fly off of their home planet onto a giant ball of cheese (as well as other large spheres),Astronaut
70%
These people, secretly notorious gangsters, exist to oppose the law and get people who pay them out of trouble.Lawyer
63%
Normally people who are your accomplices in crime, they go around in a large green truck confiscating the corpses you throw into your dumpsters.Garbage man
59%
These people are very physically able, and are talented in falling over and feigning injury when nobody is near them.Athlete
56%
Men that evolved from birds. You can rent their houses and have them fly you around in them.Pilot
55%
In charge of coming up with crazy theories and arguing with other crazy theories. Dresses in a scary lab coat and concocts mysterious potions.Scientist
54%
These people travel around with a large sucker-javelin, and stop the fish from swimming up your drains.Plumber
43%

Score Distribution

Percentile by Number Answered

Percent of People with Each Score

Your Score History

You have not taken this quiz